Trias: verejné zdroje v databázovom tvare. Ako nečítať noviny, a predsa "zostať v obraze".

Stručne o informačnej firme Trias sústreďujúcej ekonomické informácie monitorovaním (denným) 25 titulov slovenských a českých denníkov a ekonomických týždenníkov. Informácie sú prístupné dvakrát denne prostredníctvom modemového spojenia a s programovým prostredím.

Gespeichert in:
Bibliographische Detailangaben
1. Verfasser: Kopřiva, J.
Weitere Verfasser: Slinčáková, M.
Format: Buchkapitel
Sprache:Slowakisch
Schlagworte:
Tags: Tag hinzufügen
Keine Tags, Fügen Sie das erste Tag hinzu!

MARC

LEADER 00000naa a2200000 4500
001 r013551
005 20221213123540.2
041 0 |a slo 
044 |a SK 
245 1 0 |a Trias: verejné zdroje v databázovom tvare.  |b Ako nečítať noviny, a predsa "zostať v obraze".  |c J. Kopřiva, M. Slinčáková 
520 |a Stručne o informačnej firme Trias sústreďujúcej ekonomické informácie monitorovaním (denným) 25 titulov slovenských a českých denníkov a ekonomických týždenníkov. Informácie sú prístupné dvakrát denne prostredníctvom modemového spojenia a s programovým prostredím. 
610 2 0 |a Trias 
610 2 0 |a informácie hospodárske 
610 2 0 |a báza dát 
100 1 |a Kopřiva, J. 
700 1 |a Slinčáková, M.